Debates cristológicos entre los cristianos joánicos (Registro nro. 49975)
[ vista simple ]
| 000 -LÍDER | |
|---|---|
| Campo fijo de descripción fija | 00890aab a2200181 i 4500 |
| 001 - NÚMERO DE CONTROL | |
| Campo de control | 768714001 |
| 003 - IDENTIFICADOR DEL NÚMERO DE CONTROL | |
| Campo de control | CO-MdFUSB |
| 005 - FECHA Y HORA DE LA ULTIMA TRANSACCIÓN | |
| control field | 20221116161118.0 |
| 008 - ELEMENTOS DE LONGITUD FIJA -- INFORMACIÓN GENERAL | |
| Campo fijo de descripción fija -- Información general | 221116s2002 sp ||||| |||| 00| 0 spa d |
| 040 ## - FUENTE DE CATALOGACIÓN | |
| Agencia que realiza la transcripción | CO-MdFUSB |
| Agencia que realiza la modificación | CO-MdFUSB |
| Idioma de catalogación | spa |
| 041 ## - CÓDIGO DE IDIOMA | |
| Código de idioma para texto/pista de sonido o título separado | spa |
| 100 1# - ASIENTO PRINCIPAL--NOMBRE PERSONAL | |
| Nombre personal | Freyne, Seán |
| Término relacionador | autor |
| 245 10 - TÍTULO | |
| Título | Debates cristológicos entre los cristianos joánicos |
| Mención de responsabilidad | / Seán Freyne |
| 300 ## - DESCRIPCIÓN FÍSICA | |
| Extensión | Número 294 (2002), Páginas 67-76 |
| Dimensiones | ; 21 cm |
| 520 ## - NOTA DE RESUMEN, ETC. | |
| Nota de sumario, etc. | El cuarto evangelio fue considerado desde el principio diferente de los otros tres escritos canónicos cuyos rasgos comunes les valieron el calificativo de "sinópticos" que denota un punto de vista compartido. Estas divergencias ejercitaron las mentes y el ingenio exegético de los exegetas patrísticos desde Orígenes y san Agustín. |
| 773 0# - ASIENTO DE ITEM FUENTE | |
| Título | Concilium |
| Biblionumber | 49450 |
| Itemnumber | 60418 |
| Parte(s) relacionada(s) / Volumen., número. (mes año), páginas | Número 294 (2002), Páginas 67-76 |
| Enumeración y primera página | Páginas 67 |
| 942 ## - TIPO DE MATERIAL (KOHA) | |
| Tipo de Item KOHA | Artículos de Revista |
No hay ítems disponibles.
